000 00345nam a2200145Ia 4500
008 150201s1999 xx 000 0 und d
082 _a617
_bO99G
100 _aGOTTSCH, JOHN D.
245 _aROB & SMIT OPHTHALMIC SURGERY
250 _a5TH
260 _bCHAPMAN &HALL
_aLONDON
_c1999
300 _a1-506
650 _aSURGERY
942 _2ddc
_cBK
999 _c1305
_d1305